MARC
| LEADER | 00000nam a2200000Ia 4500 | ||
|---|---|---|---|
| 008 | 170316s9999 xx 000 0 und d | ||
| 999 | |c 19985 |d 19985 | ||
| 040 | |a cru BVZT | ||
| 090 | |a 800-Su S-1p | ||
| 100 | |a Spector, Robert Donald | ||
| 245 | |a Pär Lagerkvist | ||
| 260 | |a New York, Estados Unidos | ||
| 260 | |b Twayne | ||
| 260 | |c 1973 | ||
| 300 | |a 196 páginas | ||
| 650 | |a OTRAS LITERATURAS |9 193 | ||
| 650 | |a LITERATURA DE SUECIA | ||
| 942 | |c LIB |h 800-Su S-1p |2 z | ||
